L. S. Sastri's law and practice of co-operative societies in India (Record no. 412279)

000 -LEADER
fixed length control field 00413cam a22001217a 4500
008 - FIXED-LENGTH DATA ELEMENTS--GENERAL INFORMATION
fixed length control field 180718b1968 xxu||||| |||| 00| 0 eng d
082 ## - DEWEY DECIMAL CLASSIFICATION NUMBER
Classification number T1603x54 sa 79 1
100 ## - MAIN ENTRY--PERSONAL NAME
Personal name Srinivasan, T.R.
245 ## - TITLE STATEMENT
Title L. S. Sastri's law and practice of co-operative societies in India
Statement of responsibility, etc. By T.R. Srinivasan
260 ## - PUBLICATION, DISTRIBUTION, ETC.
Place of publication, distribution, etc. Allahabad
Name of publisher, distributor, etc. Law
Date of publication, distribution, etc. 1968
300 ## - PHYSICAL DESCRIPTION
Extent Vol-I, 608p
650 ## - SUBJECT ADDED ENTRY--TOPICAL TERM
Topical term or geographic name entry element Cooperative societies -- Law and legislation -- India
Holdings
Withdrawn status Lost status Damaged status Not for loan Permanent Location Current Location Date acquired Full call number Barcode Date last seen Price effective from Koha item type
        Indian Institute of Public Administration Indian Institute of Public Administration 2009-02-04 T1603x54 sa 79 1 DA3054 2018-07-21 2018-07-21 DA

Powered by Koha